Statistics for Guess the continent from the interesting fact

Click here to take the quiz!

General Stats

  • This quiz has been taken 116 times
  • The average score is 8 of 20

Answer Stats

HintContinent% Correct
Continent with most countriesAfrica
96%
Largest continentAsia
85%
Smallest continentOceania
81%
Continent with the highest elevationAsia
76%
Continent with fewest countriesAntarctica
66%
Continent with the most landlocked countriesAfrica
58%
Continent with the lowest elevationOceania
53%
Continent that has no borders with other continentsAntarctica
48%
Continent with the highest waterfallSouth America
46%
Continent with most countries that begin with 'S'Africa
33%
Continent with the world's largest lake (area)North America
29%
Continent that has most borders with other continentsAsia
26%
Continent with the lowest point on EarthAsia
15%
Continent with the highest GDPEurope
15%
Continent with the world's highest volcanoSouth America
14%
Most northerly continentNorth America
11%
Continent where dodos once livedAfrica
6%
Continent with the most penguinsAntarctica
6%
Continent that has hosted the Olympics most (summer & winter)Europe
6%
Continent with the most McDonald's restaurantsNorth America
6%

Score Distribution

Percentile by Number Answered

Percent of People with Each Score

Your Score History

You have not taken this quiz